Normal view
MARC view
- Dr. m karpagam
Entry Personal Name
001 - CONTROL NUMBER
- control field: 35938
003 - CONTROL NUMBER IDENTIFIER
- control field: OSt
005 - DATE AND TIME OF LATEST TRANSACTION
- control field: 20260604102136.0
008 - FIXED-LENGTH DATA ELEMENTS
- fixed length control field: 260604|| aca||aabn | a|a d
040 ## - CATALOGING SOURCE
- Original cataloging agency: OSt
- Transcribing agency: OSt
100 ## - HEADING--PERSONAL NAME
- Personal name: Dr. m karpagam
670 ## - SOURCE DATA FOUND
- Source citation: Work cat.: (OSt)8778: Dr. m karpagam, Environmental Economics: A Text Book (PP)